000 01353cam a2200397Ia 4500
001 6621700
003 PILC
005 20150817104400.0
006 m u
007 cr cn|||||||||
008 960603s1996 enka sb 001 0 eng d
010 _z 96068681
020 _z9781844800881
020 _z1844800881
035 _a(CaPaEBR)ebr10057251
035 _a(NNC)6621700
040 _aCaPaEBR
_cCaPaEBR
050 1 4 _aHD 31
_b.C689 2004
082 0 4 _aMnSFr 658.21
_bC67 2004
100 _aCole, Gerald
_918891
245 0 0 _aManagement theory and practice /
_cGerald Cole.
250 _a6th edition.
260 _aAustralia :
_bThomson,
_c2004.
300 _a481 pages :
_billustrations ;
_c27 cm.
500 _aIncludes bibliographical references and index.
533 _aElectronic reproduction.
_bPalo Alto, Calif. :
_cebrary,
_d2008.
_nAvailable via World Wide Web.
_nAccess may be limited to ebrary affiliated libraries.
650 0 _aFacility management.
_918892
650 0 _aProduction management.
_918893
650 0 _aFactory management.
_918894
655 7 _aElectronic books.
_2local
_99131
700 1 _aAlexander, Keith,
_d1949-
_918895
710 2 _aebrary, Inc.
_99136
856 4 0 _uhttp://www.columbia.edu/cgi-bin/cul/resolve?clio6621700
_zClick here for full text.
942 _2lcc
_cBK
999 _c288399
_d288399